[Event "TUR-chT 2nd League"]
[Site "Konya"]
[Date "2019.07.26"]
[Round "7.13"]
[White "Gunes, Fatih Emre"]
[Black "Acar, Ozgur"]
[Result "1-0"]
[WhiteElo "1406"]
[BlackElo "1773"]
[PlyCount "158"]
[EventDate "2019.07.22"]
[EventType "team-swiss"]
[EventRounds "9"]
[EventCountry "TUR"]
[SourceTitle "CBM 191 Extra"]
[Source "ChessBase"]
[SourceDate "2019.09.30"]
[SourceVersion "1"]
[SourceVersionDate "2019.09.30"]
[SourceQuality "1"]
[WhiteTeam "Hayat Genclik"]
[BlackTeam "Samsun Gercek"]
[WhiteTeamCountry "TUR"]
[BlackTeamCountry "TUR"]

1. e4 c5 2. Nf3 Nc6 3. d4 cxd4 4. Nxd4 Nf6 5. Nc3 d6 6. Bg5 a6 7. Bxf6 exf6 8. Qd2 Qb6 9. 0-0-0 Nxd4 10. Qxd4 Qxd4 11. Rxd4 Be6 12. Bc4 Be7 13. Bd5 Rb8 14. a4 0-0 15. a5 Rfc8 16. Na4 f5 17. Bxe6 fxe6 18. exf5 exf5 19. Re1 Kf7 20. Nb6 Re8 21. c4 Bg5+ 22. Kd1 Rxe1+ 23. Kxe1 Ke6 24. b4 Bf6 25. Rd3 g5 26. Kd2 h5 27. Re3+ Be5 28. h4 f4 29. Rh3 g4 30. Rd3 Rf8 31. Nd5 g3 32. f3 Rc8 33. Nb6 Rc7 34. Rd5 Rh7 35. b5 axb5 36. Rxb5 Rc7 37. Kd3 Kf5 38. Nd5 Rc5 39. Ne7+ Ke6 40. Ng6 Kf5 41. Ne7+ Kf6 42. Nd5+ Kf5 43. Nb6 Rc7 44. Nd5 Rc5 45. Nb6 Rc7 46. Nd5 Rc5 47. Nb6 Rc7 48. Na4 Ke6 49. c5 dxc5 50. Nxc5+ Kd6 51. Nxb7+ Kc6 52. Rxe5 Rxb7 53. Re6+ Kd5 54. Rb6 Re7 55. Rb5+ Kd6 56. Rxh5 Re3+ 57. Kd2 Ra3 58. Rf5 Ra2+ 59. Ke1 Rxg2 60. Rxf4 Ra2 61. Rg4 g2 62. a6 Rxa6 63. Rxg2 Kd7 64. Re2 Rh6 65. Re4 Kd6 66. Kf2 Kd5 67. Kg3 Rf6 68. Re8 Rg6+ 69. Kf4 Rf6+ 70. Kg4 Kd6 71. f4 Kd7 72. Re1 Re6 73. Rxe6 Kxe6 74. Kg5 Kf7 75. h5 Kg7 76. h6+ Kg8 77. Kg6 Kh8 78. f5 Kg8 79. f6 Kh8 1-0

[Event "TUR-chT 2nd League"]
[Site "Konya"]
[Date "2019.07.23"]
[Round "3.16"]
[White "Gunes, Fatih Emre"]
[Black "Karsligil, Ahmet Toygun"]
[Result "1-0"]
[WhiteElo "1406"]
[BlackElo "1420"]
[PlyCount "101"]
[EventDate "2019.07.22"]
[EventType "team-swiss"]
[EventRounds "9"]
[EventCountry "TUR"]
[SourceTitle "CBM 191 Extra"]
[Source "ChessBase"]
[SourceDate "2019.09.30"]
[SourceVersion "1"]
[SourceVersionDate "2019.09.30"]
[SourceQuality "1"]
[WhiteTeam "Hayat Genclik"]
[BlackTeam "Kahramanmaras Ustad"]
[WhiteTeamCountry "TUR"]
[BlackTeamCountry "TUR"]

1. e4 c5 2. Nf3 Nc6 3. d4 cxd4 4. Nxd4 Nf6 5. Nc3 d6 6. Be2 g6 7. Be3 Bg7 8. f3 Bd7 9. Qd2 Rc8 10. 0-0-0 a6 11. g4 b5 12. h4 h5 13. g5 Nh7 14. f4 Qa5 15. Kb1 0-0 16. Nxc6 Rxc6 17. Nd5 Qd8 18. Bd4 e6 19. Bxg7 Kxg7 20. Ne3 Qb6 21. f5 Rfc8 22. Rhf1 Qc5 23. Bf3 Qe5 24. Qe2 Kg8 25. Rd2 Rb6 26. Qf2 Qc5 27. fxg6 fxg6 28. Rfd1 Rf8 29. Qe2 Qe5 30. Ng2 Qg3 31. Rd3 Qh2 32. Qe3 Rfb8 33. Nf4 Qxh4 34. Rh1 Qxg5 35. Rg1 Qc5 36. Rxg6+ Kh8 37. Qxc5 dxc5 38. Rxd7 Rf8 39. Nxe6 Rxe6 40. Rxe6 Rxf3 41. a3 Nf8 42. Rh6+ Kg8 43. Rd5 Re3 44. Rdxh5 Rxe4 45. Rxc5 Ne6 46. Rc6 Nd4 47. Rc8+ Kg7 48. Rxa6 Kf7 49. Rc7+ Re7 50. Rxe7+ Kxe7 51. c3 1-0